000 00434nam a22001817a 4500
003 CEME
005 20210628210546.0
008 210201b xxu||||| |||| 00| 0 eng d
020 _a81-8131-099-3
040 _c.
082 _a954 IND
100 _aIndia
_979939
245 _aIndia book of the year 2004
260 _aNEW DELHI
_bBRITANNICA
_c2004
300 _a398P
650 _aINDIA YEAR BOOK-2004
_979940
942 _cBK
_2ddc
999 _c584918
_d584918